000 01277nam2a22001931 4500
001 RU\NLR\A1SV\78704
005 20251203152403.2
035 _a(NLR Aleph) 009760159
090 _a13483204
_c13483204
100 _a20070419d1922 u y0rusy50 ca
101 0 _arus
200 0 _aТ.3
215 _a196, [2] с.
461 1 _1001RU\NLR\A1SV\25230
_12000#$aСборник трудов Отделения Военно-научного общества при Военно-академических курсах высшего комсостава Р.К.-К.А.$e1921-1922$fВместо предисл.: отв. секр. ОВНО Ф.Судаков$vТ.3
_99826713
_aВоенно-академические курсы высшего комсостава Красной Армии (Москва). Отделение военно-науч. о-ва
_cМ.
_d1922
_fВместо предисл.: отв. секр. ОВНО Ф.Судаков
_nВысш. воен. ред. сов.
_o1921-1922
_tСборник трудов Отделения Военно-научного общества при Военно-академических курсах высшего комсостава Р.К.-К.А.
_vТ.3
801 0 _aRU
_bNLR
_c20070419
942 _cBOOK
980 _aA1SV
980 _aNB